[Event "DEN-ch B7 Gr1 "]
[Site "Koge"]
[Date "2004.04.??"]
[Round "2"]
[White "Andersen, Martin Steen"]
[Black "Hansen, Per"]
[Result "1/2-1/2"]
[WhiteElo "1606"]
[BlackElo "1895"]
[PlyCount "100"]
[EventDate "2004.04.08"]
[EventType "swiss"]
[EventRounds "7"]
[EventCountry "DEN"]
[SourceTitle "EXT 2023"]
[Source "ChessBase"]
[SourceDate "2022.10.05"]
[SourceVersion "1"]
[SourceVersionDate "2022.10.05"]
[SourceQuality "1"]

1. e4 c5 2. Nf3 Nc6 3. d4 cxd4 4. c3 Nf6 5. e5 Nd5 6. Bc4 e6 7. Bxd5 exd5 8. cxd4 d6 9. h3 dxe5 10. Nxe5 Bd6 11. Nxc6 bxc6 12. Nc3 0-0 13. 0-0 Be6 14. Qf3 Rb8 15. b3 Qh4 16. Ne2 Be7 17. Rd1 Rfe8 18. Bf4 Rb7 19. Rac1 Bd7 20. Rc2 Qf6 21. Qd3 Qg6 22. Qxg6 hxg6 23. g4 a5 24. Nc3 Bf6 25. Na4 Be7 26. Nc5 Bxc5 27. Rxc5 a4 28. Rc3 Re4 29. Be3 Rb4 30. Rdd3 f5 31. f3 Re8 32. Kf2 Ra8 33. Rd2 Kf7 34. Bf4 axb3 35. Rxb3 Rba4 36. Rbb2 Bc8 37. Bd6 Ba6 38. Bc5 Rh8 39. Kg2 Re8 40. Kf2 Bb5 41. a3 Re6 42. Rd1 Rc4 43. Bb4 Ba4 44. Rdd2 Rc1 45. Re2 Bb5 46. Rxe6 Kxe6 47. Kg2 Bf1+ 48. Kg3 Bb5 49. Rf2 Rd1 50. Bc5 Rg1+ 1/2-1/2

[Event "DEN-ch B7 Gr1 "]
[Site "Koge"]
[Date "2004.04.??"]
[Round "5"]
[White "Andersen, Martin Steen"]
[Black "Korsholm, Asbjorn"]
[Result "0-1"]
[WhiteElo "1606"]
[BlackElo "1556"]
[PlyCount "118"]
[EventDate "2004.04.08"]
[EventType "swiss"]
[EventRounds "7"]
[EventCountry "DEN"]
[SourceTitle "EXT 2023"]
[Source "ChessBase"]
[SourceDate "2022.10.05"]
[SourceVersion "1"]
[SourceVersionDate "2022.10.05"]
[SourceQuality "1"]

1. e4 e5 2. Nf3 Nc6 3. Bc4 Nf6 4. Ng5 d5 5. exd5 Na5 6. Bb5+ c6 7. dxc6 bxc6 8. Be2 h6 9. Nf3 e4 10. Ne5 Bc5 11. c3 Qe7 12. d4 exd3 13. Nxd3 Bd6 14. g3 0-0 15. 0-0 Bf5 16. Nd2 Rad8 17. b4 Nb7 18. Nc4 Ne4 19. Nxd6 Qxd6 20. Bf4 Qd7 21. Qc1 Nxg3 22. fxg3 Bxd3 23. Rd1 Qf5 24. Bxd3 Rxd3 25. Rxd3 Qxd3 26. Qe3 Qxe3+ 27. Bxe3 a6 28. Rd1 Rd8 29. Bd4 g6 30. Kf2 c5 31. bxc5 Nxc5 32. Kf3 Ne6 33. Ke4 Nxd4 34. cxd4 Kf8 35. Kd3 Rd5 36. Rb1 Ke7 37. Kc4 Ke6 38. a4 f5 39. Re1+ Kd6 40. Re8 Ra5 41. Kb4 Rd5 42. Rd8+ Ke6 43. Re8+ Kf7 44. Kc4 Rxd4+ 45. Kxd4 Kxe8 46. Ke5 Kf7 47. a5 Ke7 48. h3 Kf7 49. h4 h5 50. Kf4 Kf6 51. Kf3 g5 52. Ke3 gxh4 53. gxh4 Ke5 54. Kf3 f4 55. Kf2 Ke4 56. Ke2 f3+ 57. Kf1 Kf4 58. Kf2 Kg4 59. Ke3 Kg3 0-1

[Event "DEN-ch B7 Gr1 "]
[Site "Koge"]
[Date "2004.04.??"]
[Round "6"]
[White "Andersen, Martin Steen"]
[Black "Rosenberg, Jan"]
[Result "0-1"]
[WhiteElo "1606"]
[BlackElo "1701"]
[PlyCount "42"]
[EventDate "2004.04.08"]
[EventType "swiss"]
[EventRounds "7"]
[EventCountry "DEN"]
[SourceTitle "EXT 2023"]
[Source "ChessBase"]
[SourceDate "2022.10.05"]
[SourceVersion "1"]
[SourceVersionDate "2022.10.05"]
[SourceQuality "1"]

1. e4 d5 2. exd5 Nf6 3. d4 Qxd5 4. Nc3 Qa5 5. Bc4 c6 6. Nf3 Bg4 7. Bd2 e6 8. Qe2 Bb4 9. 0-0-0 Nbd7 10. d5 cxd5 11. Bb3 0-0 12. Na4 Bxd2+ 13. Rxd2 Ne4 14. Rd4 b5 15. h3 Bh5 16. Bxd5 exd5 17. Rxd5 Qxa4 18. Rxh5 Ndf6 19. Rh4 Qxa2 20. c3 Nxc3 21. Qc2 Nce4 0-1

[Event "DEN-ch B7 Gr1 "]
[Site "Koge"]
[Date "2004.04.??"]
[Round "7"]
[White "Bojsen, Bent"]
[Black "Andersen, Martin Steen"]
[Result "1/2-1/2"]
[WhiteElo "1644"]
[BlackElo "1606"]
[PlyCount "105"]
[EventDate "2004.04.08"]
[EventType "swiss"]
[EventRounds "7"]
[EventCountry "DEN"]
[SourceTitle "EXT 2023"]
[Source "ChessBase"]
[SourceDate "2022.10.05"]
[SourceVersion "1"]
[SourceVersionDate "2022.10.05"]
[SourceQuality "1"]

1. Nc3 e6 2. e4 d5 3. d4 Bb4 4. e5 c5 5. a3 Bxc3+ 6. bxc3 Ne7 7. Nf3 Nbc6 8. Rb1 Qc7 9. Be2 Nf5 10. 0-0 0-0 11. Re1 cxd4 12. cxd4 Qa5 13. Bb5 Ncxd4 14. Nxd4 Nxd4 15. Bd2 Qc7 16. Bb4 Nxb5 17. Bxf8 Nc3 18. Bd6 Qd8 19. Qg4 Nxb1 20. Rxb1 b6 21. Rb3 f5 22. Qh5 Ba6 23. Rh3 h6 24. Rg3 Kh8 25. Qf7 Qg8 26. Qd7 Bc4 27. a4 a6 28. Rg6 Re8 29. h4 b5 30. Rxg7 Qxg7 31. Qxe8+ Qg8 32. Qh5 Kh7 33. axb5 axb5 34. Kh2 Qg6 35. Qxg6+ Kxg6 36. Kg3 Kh5 37. f4 Be2 38. c3 Kg6 39. Bc5 Kf7 40. Kf2 Bg4 41. Ke1 Ke8 42. Kd2 Kd7 43. Ke3 Ke8 44. Kf2 Bd1 45. Bb4 Kf7 46. Bc5 Kg6 47. Ke1 Bc2 48. Kf2 Kh5 49. g3 Kg6 50. Bb4 Kf7 51. Bc5 Ke8 52. Ke3 h5 53. Kd4 1/2-1/2

[Event "DEN-ch B7 Gr1 "]
[Site "Koge"]
[Date "2004.04.??"]
[Round "1"]
[White "Larsen, Peder Lehmann"]
[Black "Andersen, Martin Steen"]
[Result "1-0"]
[WhiteElo "1880"]
[BlackElo "1606"]
[PlyCount "91"]
[EventDate "2004.04.08"]
[EventType "swiss"]
[EventRounds "7"]
[EventCountry "DEN"]
[SourceTitle "EXT 2023"]
[Source "ChessBase"]
[SourceDate "2022.10.05"]
[SourceVersion "1"]
[SourceVersionDate "2022.10.05"]
[SourceQuality "1"]

1. e4 e6 2. d3 d5 3. Nd2 c5 4. Ngf3 Nc6 5. g3 Bd6 6. Bg2 Nge7 7. 0-0 0-0 8. Re1 Qc7 9. c3 f6 10. a3 a5 11. a4 b6 12. Nf1 Bb7 13. exd5 exd5 14. d4 cxd4 15. Nxd4 Nxd4 16. Qxd4 Be5 17. Qd1 Rad8 18. Qb3 Kh8 19. f4 Bd6 20. Be3 Bc5 21. Rad1 Rfe8 22. Kh1 Nf5 23. Bxc5 Qxc5 24. Qc2 Nd6 25. Qd3 Rxe1 26. Rxe1 h6 27. Nd2 Re8 28. Rxe8+ Nxe8 29. Nf3 Nd6 30. Nd4 Ne4 31. Kg1 Bc6 32. Qa6 Nd6 33. Kh1 Ne4 34. Qc8+ Kh7 35. Qxc6 Qe7 36. Qe6 Qb7 37. Nc6 Qa6 38. Bxe4+ dxe4 39. Qxe4+ Kh8 40. Qe8+ Kh7 41. Qe4+ Kh8 42. Kg1 b5 43. Ne7 bxa4 44. Ng6+ Kh7 45. Nf8+ Kg8 46. Qe6+ 1-0